000 00696nam a2200217Ia 4500
003 GCL
008 140319s9999 xx 000 0 ara d
020 _a4567208977
040 _aGCL /
_cGCL
082 0 4 _aق
_b704.9481
_bع ف
100 1 _aعاصم محمد رزق
245 1 0 _aالفنون العربية الاسلامية فى مصر /
_cعاصم محمد رزق
250 _aالاولى
260 _aالقاهرة :
_bمكتبة مدبولى ،
_c2006
300 _a486 ص ؛
_c24 سم
650 0 4 _aالعمارة الاسلامية
650 0 4 _aالزخرفة بالحفر
650 0 4 _aالزخرفة بالخشب
650 0 4 _aالفن الاسلامى
942 _2ddc
_cBK
999 _c9492
_d9492